Statistics for Perth Australia or Perth Scotland?

Click here to take the quiz!

General Stats

  • This quiz has been taken 170 times
  • The average score is 8 of 12

Answer Stats

QuestionAnswer% Correct
Highest recorded temperaturePerth Australia
99%
Higher populationPerth Australia
94%
Sits by the River TayPerth Scotland
91%
Furthest from the equatorPerth Scotland
79%
Has seaside suburbsPerth Australia
77%
Motto: Pro rege, lege, et grege (For king, law and people)Perth Scotland
75%
Home of Edith Cowan UniversityPerth Australia
73%
Cars drive on the rightneither
57%
Has a direct rail link to the nation's capitalPerth Scotland
52%
Earliest occupation by humansPerth Australia
47%
Has a sister city relationship with Perth in Ontario, CanadaPerth Scotland
39%
Home town of singer Kylie Minogueneither
30%

Score Distribution

Percentile by Number Answered

Percent of People with Each Score

Your Score History

You have not taken this quiz